Transfer technológie a poznatkov ako faktor globálneho rozvoja

Pojem technologická globalizácia. Transfer technológií a životné prostredie. Transfer technológií a výmena vedeckých poznatkov. Podmienky a predpoklady transferu technológií. Medzinárodná patentová ochrana a transfer technológií.

Enregistré dans:
Détails bibliographiques
Auteur principal: Pullmanová, Terézia, 1953-
Autres auteurs: Svobodová, Valéria
Format: Chapitre de livre
Langue:slovaque
Sujets:
Tags: Ajouter un tag
Pas de tags, Soyez le premier à ajouter un tag!

MARC

LEADER 00000naa$a2200000$$$4500
001 0047268
005 20240502071539.4
041 0 |a slo 
044 |a SK 
245 1 0 |a Transfer technológie a poznatkov ako faktor globálneho rozvoja  |c Terézia Pullmanová, Valéria Svobodová 
520 |a Pojem technologická globalizácia. Transfer technológií a životné prostredie. Transfer technológií a výmena vedeckých poznatkov. Podmienky a predpoklady transferu technológií. Medzinárodná patentová ochrana a transfer technológií. 
610 2 0 |a globalizácia 
610 2 0 |a transfer technológie 
610 2 0 |a transfer inovácií 
610 2 0 |a prostredie životné 
610 2 0 |a technológie nové 
610 2 0 |a technológie znalostné 
610 2 0 |a výmena informácií 
610 2 0 |a ochrana práv priemyselných 
610 2 0 |a výmena skúseností 
100 1 |a Pullmanová, Terézia, 1953- 
700 1 |a Svobodová, Valéria